[Event "ISL-chT2 1617"]
[Site "Reykjavik"]
[Date "2016.10.02"]
[Round "4.4"]
[White "Karlsson, Agust Sindri"]
[Black "Pantzar, Milton"]
[Result "0-1"]
[WhiteElo "2280"]
[BlackElo "2077"]
[PlyCount "86"]
[EventDate "2016.09.30"]
[EventType "team-tourn"]
[EventRounds "7"]
[EventCountry "ISL"]
[SourceTitle "EXT 2018"]
[Source "ChessBase"]
[SourceDate "2017.10.13"]
[SourceVersion "1"]
[SourceVersionDate "2017.10.13"]
[SourceQuality "1"]
[WhiteTeam "Hauka"]
[BlackTeam "Gardabaer"]
[WhiteTeamCountry "ISL"]
[BlackTeamCountry "ISL"]

1. e4 e5 2. Nf3 Nc6 3. Bb5 a6 4. Bxc6 dxc6 5. Nc3 f6 6. d4 exd4 7. Nxd4 c5 8. Nde2 Qxd1+ 9. Nxd1 Be6 10. Nf4 Bf7 11. Be3 0-0-0 12. Nc3 Bd6 13. 0-0-0 Ne7 14. Nfd5 Nxd5 15. Nxd5 Rhe8 16. Nc3 Be5 17. Rxd8+ Rxd8 18. Bd2 b6 19. a3 Kb7 20. h4 Kc6 21. h5 b5 22. Nd1 Rb8 23. f4 Bd6 24. h6 g6 25. Nf2 b4 26. Rh3 a5 27. Rf3 c4 28. axb4 axb4 29. Ng4 Be7 30. c3 b3 31. Be3 Ra8 32. Kd1 Be6 33. f5 gxf5 34. exf5 Bd5 35. Rf4 Ra4 36. Bc1 Bxg2 37. Ne3 Bd5 38. Rd4 Bf7 39. Re4 Bf8 40. Ng4 Ra1 41. Kd2 Ra5 42. Ne3 Bxh6 43. Re7 Re5 0-1

[Event "ISL-chT 0910"]
[Site "Reykjavik"]
[Date "2009.09.26"]
[Round "2"]
[White "Lagerman, Robert"]
[Black "Karlsson, Agust Sindri"]
[Result "1-0"]
[WhiteElo "2351"]
[BlackElo "2298"]
[PlyCount "49"]
[EventDate "2009.09.25"]
[EventType "team-tourn"]
[EventRounds "7"]
[EventCountry "ISL"]
[SourceTitle "CBM 132 Extra"]
[Source "ChessBase"]
[SourceDate "2009.11.03"]
[SourceVersion "1"]
[SourceVersionDate "2009.11.03"]
[SourceQuality "1"]

1. e4 g6 2. d4 d6 3. Nc3 c6 4. Be3 Nf6 5. Qd2 Ng4 6. Bg5 h6 7. Bh4 Bg7 8. h3 Nf6 9. f4 b5 10. Bd3 Qb6 11. e5 Nd5 12. Nxd5 cxd5 13. Nf3 b4 14. 0-0-0 dxe5 15. dxe5 Nc6 16. Bf2 Qa5 17. Kb1 0-0 18. Nd4 Nxd4 19. Bxd4 Rb8 20. g4 Qc7 21. Qe3 a5 22. f5 Qc6 23. e6 fxe6 24. Bxg7 Kxg7 25. Qe5+ 1-0

[Event "Selfoss Milk Challengers 1st"]
[Site "Selfoss"]
[Date "2002.10.15"]
[Round "8"]
[White "Pedersen, Steffen"]
[Black "Karlsson, Agust Sindri"]
[Result "0-1"]
[WhiteElo "2443"]
[BlackElo "2347"]
[PlyCount "73"]
[EventDate "2002.10.08"]
[EventType "tourn"]
[EventRounds "9"]
[EventCountry "ISL"]
[EventCategory "3"]
[SourceTitle "EXT 2005"]
[Source "ChessBase"]
[SourceDate "2004.11.15"]
[SourceVersion "1"]
[SourceVersionDate "2004.11.15"]
[SourceQuality "1"]

1. d4 d5 2. c4 e6 3. Nf3 Nf6 4. g3 c6 5. Bg2 Bb4+ 6. Bd2 Be7 7. Qc2 0-0 8. 0-0 b6 9. b3 Ba6 10. Rd1 Nbd7 11. Bf4 Rc8 12. Nc3 b5 13. c5 b4 14. Nb1 Bb5 15. a4 bxa3 16. Nxa3 a6 17. Nxb5 axb5 18. Ra7 Ne8 19. b4 h6 20. h4 g5 21. hxg5 hxg5 22. Be5 Ra8 23. Rda1 Rxa7 24. Rxa7 Bf6 25. Bxf6 Nexf6 26. Nxg5 Kg7 27. Bh3 Qb8 28. Rxd7 Nxd7 29. Qh7+ Kf6 30. Bxe6 fxe6 31. Qh6+ Kf5 32. Nf3 Qd8 33. g4+ Kxg4 34. Qg6+ Kf4 35. Kg2 Rf5 36. Qg3+ Ke4 37. Nd2+ 0-1

[Event "Selfoss Milk Challengers 1st"]
[Site "Selfoss"]
[Date "2002.10.11"]
[Round "4"]
[White "Kjartansson, Gudmundur"]
[Black "Karlsson, Agust Sindri"]
[Result "1-0"]
[WhiteElo "2099"]
[BlackElo "2347"]
[PlyCount "73"]
[EventDate "2002.10.08"]
[EventType "tourn"]
[EventRounds "9"]
[EventCountry "ISL"]
[EventCategory "3"]
[SourceTitle "EXT 2005"]
[Source "ChessBase"]
[SourceDate "2004.11.15"]
[SourceVersion "1"]
[SourceVersionDate "2004.11.15"]
[SourceQuality "1"]

1. d4 e6 2. e4 d5 3. exd5 exd5 4. Nf3 Bd6 5. c4 Nf6 6. Nc3 Qe7+ 7. Be2 dxc4 8. 0-0 0-0 9. Re1 Bg4 10. Bg5 Qe6 11. h3 Bh5 12. Bd3 Qc8 13. Bxc4 Nbd7 14. g4 Nb6 15. Nd2 Bg6 16. f4 Nxc4 17. Nxc4 Nd7 18. Nxd6 cxd6 19. Be7 f6 20. Bxf8 Kxf8 21. Rc1 Qc6 22. Qe2 Nb6 23. Nb5 Qd5 24. Qe7+ Kg8 25. Qe6+ Bf7 26. Qxd5 Bxd5 27. Nc7 Rd8 28. Re8+ Rxe8 29. Nxe8 Bxa2 30. Nxd6 Bd5 31. Rc7 h5 32. gxh5 Na4 33. Nf5 Be4 34. Nxg7 Nxb2 35. Ne8 Bf5 36. Nxf6+ Kf8 37. h6 1-0

[Event "EU-Cup 18th"]
[Site "Kallithea"]
[Date "2002.09.27"]
[Round "6.3"]
[White "Karlsson, Agust Sindri"]
[Black "Gustafsson, Jan"]
[Result "1/2-1/2"]
[WhiteElo "2347"]
[BlackElo "2542"]
[PlyCount "132"]
[EventDate "2002.09.22"]
[EventType "team-swiss"]
[EventRounds "7"]
[EventCountry "GRE"]
[SourceTitle "CBM 092"]
[Source "ChessBase"]
[SourceDate "2003.02.06"]
[SourceVersion "1"]
[SourceVersionDate "2003.02.06"]
[SourceQuality "1"]
[WhiteTeam "Reykjavik Hellir"]
[BlackTeam "Hohenems"]
[WhiteTeamCountry "ISL"]
[BlackTeamCountry "AUT"]

1. e4 c5 2. c3 Nf6 3. e5 Nd5 4. d4 cxd4 5. Nf3 Nc6 6. Bc4 Nb6 7. Bb3 d5 8. exd6 Qxd6 9. cxd4 Be6 10. 0-0 Bd5 11. Nc3 e6 12. Nxd5 Nxd5 13. Ne5 Be7 14. Nxc6 bxc6 15. Qg4 Bf6 16. Bg5 Bxg5 17. Qxg5 0-0 18. Rac1 Rab8 19. Rc5 Rfd8 20. Bxd5 cxd5 21. Qc1 Qa6 22. a3 Rb3 23. Rd1 h6 24. Rd2 Rdb8 25. h3 Qb6 26. Rc6 Qb5 27. Rc5 Qb6 28. Rc6 Qd8 29. Rdc2 Qf6 30. Qd2 Qg6 31. R6c3 Rxc3 32. Qxc3 a5 33. b3 Qf6 34. b4 axb4 35. axb4 Qe7 36. Rb2 Qd7 37. Qg3 Rb6 38. Qd3 Qc6 39. Rb1 Rb5 40. Kf1 Qb7 41. Qa3 Qb6 42. Qc3 Qb8 43. Kg1 Rb7 44. Qb2 Rb5 45. Qc3 Qb7 46. h4 h5 47. g3 g6 48. Rb3 Kf8 49. Qc1 Kg7 50. Qc3 Kf6 51. Qb2 Kg7 52. Qc3 Qe7 53. Kg2 Qd7 54. Qb2 Qe8 55. Qc3 Rb7 56. Rb2 Qa4 57. Rb3 Rb6 58. Qb2 Qb5 59. Kf3 Rc6 60. Rc3 Rb6 61. Rb3 Qc4 62. b5 e5 63. Rb4 Qd3+ 64. Kg2 e4 65. Rb3 Qd1 66. Ra3 Qg4 1/2-1/2

[Event "EU-Cup 18th"]
[Site "Kallithea"]
[Date "2002.09.26"]
[Round "5.3"]
[White "Sands, David A"]
[Black "Karlsson, Agust Sindri"]
[Result "1-0"]
[WhiteElo "2246"]
[BlackElo "2347"]
[PlyCount "47"]
[EventDate "2002.09.22"]
[EventType "team-swiss"]
[EventRounds "7"]
[EventCountry "GRE"]
[SourceTitle "CBM 092"]
[Source "ChessBase"]
[SourceDate "2003.02.06"]
[SourceVersion "1"]
[SourceVersionDate "2003.02.06"]
[SourceQuality "1"]
[WhiteTeam "Barbican"]
[BlackTeam "Reykjavik Hellir"]
[WhiteTeamCountry "ENG"]
[BlackTeamCountry "ISL"]

1. d4 d5 2. c4 e6 3. Nc3 Nf6 4. Bg5 Nbd7 5. e3 c6 6. cxd5 exd5 7. Bd3 Bd6 8. Nf3 0-0 9. Qc2 Re8 10. Bxh7+ Kf8 11. Bd3 Qa5 12. 0-0 Ne4 13. Nxe4 dxe4 14. Bxe4 Nf6 15. Bd3 Bg4 16. Ne5 Bxe5 17. dxe5 Rxe5 18. Bf4 Rd5 19. f3 Rad8 20. Rfd1 Be6 21. e4 Qb6+ 22. Kh1 Rc5 23. Qe2 Nh5 24. Be3 1-0

[Event "EU-Cup 18th"]
[Site "Kallithea"]
[Date "2002.09.25"]
[Round "4.3"]
[White "Karlsson, Agust Sindri"]
[Black "Harestad, Thor Geir"]
[Result "1-0"]
[WhiteElo "2347"]
[BlackElo "2222"]
[PlyCount "55"]
[EventDate "2002.09.22"]
[EventType "team-swiss"]
[EventRounds "7"]
[EventCountry "GRE"]
[SourceTitle "CBM 092"]
[Source "ChessBase"]
[SourceDate "2003.02.06"]
[SourceVersion "1"]
[SourceVersionDate "2003.02.06"]
[SourceQuality "1"]
[WhiteTeam "Reykjavik Hellir"]
[BlackTeam "Randaberg"]
[WhiteTeamCountry "ISL"]
[BlackTeamCountry "NOR"]

1. e4 c5 2. Nf3 e6 3. c3 d5 4. exd5 Qxd5 5. d4 Nf6 6. Be3 cxd4 7. cxd4 Nc6 8. Nc3 Qd8 9. Bb5 Bd7 10. 0-0 a6 11. Be2 Be7 12. d5 exd5 13. Nxd5 Nxd5 14. Qxd5 0-0 15. Rfd1 Be6 16. Qh5 Qa5 17. Qxa5 Nxa5 18. Nd4 Bd7 19. Rac1 Rac8 20. Rxc8 Rxc8 21. Nb3 Nxb3 22. Rxd7 Nc1 23. Bg4 Bf8 24. Rd1 Rc4 25. Rxc1 Rxg4 26. Rc8 Re4 27. Kf1 Re5 28. b4 1-0

[Event "EU-Cup 18th"]
[Site "Kallithea"]
[Date "2002.09.23"]
[Round "2.3"]
[White "Mastrovasilis, Athanasios"]
[Black "Karlsson, Agust Sindri"]
[Result "1-0"]
[WhiteElo "2461"]
[BlackElo "2347"]
[PlyCount "69"]
[EventDate "2002.09.22"]
[EventType "team-swiss"]
[EventRounds "7"]
[EventCountry "GRE"]
[SourceTitle "CBM 092"]
[Source "ChessBase"]
[SourceDate "2003.02.06"]
[SourceVersion "1"]
[SourceVersionDate "2003.02.06"]
[SourceQuality "1"]
[WhiteTeam "Northern CA of DEI"]
[BlackTeam "Reykjavik Hellir"]
[WhiteTeamCountry "GRE"]
[BlackTeamCountry "ISL"]

1. c4 g6 2. g3 Bg7 3. Bg2 Nf6 4. Nc3 0-0 5. d3 c6 6. e4 d5 7. cxd5 cxd5 8. e5 Ne8 9. d4 Nc7 10. Nge2 Bg4 11. Qb3 Bxe2 12. Nxe2 b6 13. Bd2 Qd7 14. Rc1 Nba6 15. 0-0 Rac8 16. Rc2 e6 17. Rfc1 Na8 18. Bf1 Rxc2 19. Qxc2 b5 20. Qc6 Qxc6 21. Rxc6 Nb6 22. b3 Nb8 23. Rc7 a6 24. Ba5 N6d7 25. Nf4 Re8 26. Nd3 f6 27. f4 g5 28. Bh3 gxf4 29. gxf4 Bh6 30. Kf2 Nf8 31. exf6 Nbd7 32. f7+ Kxf7 33. Ne5+ Ke7 34. f5 exf5 35. Bxf5 1-0

[Event "EU-Cup 18th"]
[Site "Kallithea"]
[Date "2002.09.22"]
[Round "1.3"]
[White "Karlsson, Agust Sindri"]
[Black "Pigusov, Evgeny"]
[Result "1/2-1/2"]
[WhiteElo "2347"]
[BlackElo "2622"]
[PlyCount "89"]
[EventDate "2002.09.22"]
[EventType "team-swiss"]
[EventRounds "7"]
[EventCountry "GRE"]
[SourceTitle "CBM 092"]
[Source "ChessBase"]
[SourceDate "2003.02.06"]
[SourceVersion "1"]
[SourceVersionDate "2003.02.06"]
[SourceQuality "1"]
[WhiteTeam "Reykjavik Hellir"]
[BlackTeam "Tomsk 400"]
[WhiteTeamCountry "ISL"]
[BlackTeamCountry "RUS"]

1. e4 c5 2. Nf3 d6 3. Bb5+ Nd7 4. 0-0 a6 5. Bxd7+ Bxd7 6. d4 cxd4 7. Qxd4 Nf6 8. Nc3 e5 9. Qd3 h6 10. a4 Be7 11. Be3 Rc8 12. a5 Qc7 13. Nd2 Be6 14. Rfd1 Qc6 15. Bb6 d5 16. exd5 Nxd5 17. Nxd5 Bxd5 18. c4 Be6 19. b3 0-0 20. Qe3 f6 21. Ne4 Rf7 22. Nc3 Bf8 23. Ra2 Rd7 24. Rad2 Rxd2 25. Qxd2 Qe8 26. Qd3 Qf7 27. Qe4 Re8 28. Nd5 Bd7 29. Nc7 Bc6 30. Qf5 Re7 31. Qc8 Qg6 32. Nd5 Rf7 33. h3 Kh7 34. Ne3 f5 35. Rd8 f4 36. Nd5 f3 37. g4 Bxd5 38. Rxf8 Qb1+ 39. Kh2 Rxf8 40. Qxf8 Be4 41. Qe7 Qf1 42. Kg3 Qg2+ 43. Kh4 Bd3 44. Qxb7 Bf1 45. Qe4+ 1/2-1/2

[Event "Nordic Net Club Cup"]
[Site "Internet"]
[Date "2002.??.??"]
[Round "?"]
[White "Karlsson, Agust Sindri"]
[Black "Hentunen, Asko"]
[Result "0-1"]
[WhiteElo "2314"]
[BlackElo "2317"]
[PlyCount "64"]
[EventDate "2002.??.??"]
[EventType "team"]
[EventRounds "4"]
[EventCountry "NET"]
[SourceTitle "EXT 2005"]
[Source "ChessBase"]
[SourceDate "2004.11.15"]
[SourceVersion "1"]
[SourceVersionDate "2004.11.15"]
[SourceQuality "1"]

1. e4 c5 2. Nf3 g6 3. c3 Bg7 4. d4 cxd4 5. cxd4 d5 6. exd5 Nf6 7. Nc3 Nxd5 8. Qb3 Nb6 9. Be3 0-0 10. Rd1 Nc6 11. d5 Ne5 12. Be2 Bd7 13. 0-0 Qc7 14. Qb4 Nec4 15. Bxb6 Nxb6 16. Rfe1 Rfe8 17. Nb5 Qb8 18. d6 exd6 19. Nxd6 Rd8 20. Nxf7 Rf8 21. Nd6 Bf6 22. Nc4 Bc6 23. Nxb6 axb6 24. Qxb6 Qa7 25. Qb3+ Kh8 26. Ra1 Qa5 27. a4 Rae8 28. Bb5 Bxb5 29. Rxe8 Bxe8 30. h3 Bc6 31. Rd1 Qxa4 32. Qxa4 Bxa4 0-1

[Event "ISL-chT 0001"]
[Site "Reykjavik"]
[Date "2000.11.17"]
[Round "1"]
[White "Gudmundsson, Kristjan"]
[Black "Karlsson, Agust Sindri"]
[Result "0-1"]
[WhiteElo "2260"]
[BlackElo "2320"]
[PlyCount "56"]
[EventDate "2000.11.17"]
[EventType "team"]
[EventRounds "7"]
[EventCountry "ISL"]
[SourceTitle "CBM 079 Extra"]
[Source "ChessBase"]
[SourceDate "2001.01.11"]
[SourceVersion "2"]
[SourceVersionDate "2001.01.25"]
[SourceQuality "1"]

1. Nf3 g6 2. g3 Bg7 3. Bg2 d6 4. 0-0 Nf6 5. d3 0-0 6. e4 e5 7. c3 Re8 8. a4 c6 9. b4 d5 10. Qe2 Nbd7 11. Nbd2 a5 12. Nb3 axb4 13. cxb4 h6 14. Bd2 Nb6 15. Na5 Nbd7 16. Nb3 b6 17. Rfc1 Ba6 18. exd5 e4 19. Nfd4 Bxd3 20. Qd1 Nxd5 21. Nxc6 Qf6 22. Nbd4 Ne5 23. Be3 Nc4 24. Qe1 Ncxe3 25. fxe3 Qg5 26. Kf2 h5 27. h4 Qf6+ 28. Kg1 Bh6 0-1

[Event "ISL-ch"]
[Site "Kopavogur"]
[Date "2000.08.25"]
[Round "2.1"]
[White "Karlsson, Agust Sindri"]
[Black "Thorhallsson, Throstur"]
[Result "1/2-1/2"]
[WhiteElo "2320"]
[BlackElo "2454"]
[PlyCount "32"]
[EventDate "2000.08.05"]
[EventType "k.o."]
[EventRounds "4"]
[EventCountry "ISL"]
[SourceTitle "EXT 2001"]
[Source "ChessBase"]
[SourceDate "2000.11.22"]
[SourceVersion "1"]
[SourceVersionDate "2000.11.22"]
[SourceQuality "1"]

1. e4 d5 2. exd5 Nf6 3. Bb5+ Bd7 4. Bc4 b5 5. Bb3 Bg4 6. f3 Bc8 7. a4 b4 8. d4 Nxd5 9. Ne2 g6 10. Bd2 a5 11. c4 bxc3 12. Nbxc3 Nb4 13. 0-0 Bg7 14. Bf4 0-0 15. Qd2 Nd7 16. Bh6 Ba6 1/2-1/2

[Event "Gudmundur Arason 5th"]
[Site "Hafnarfjordur"]
[Date "1999.12.19"]
[Round "8"]
[White "Karlsson, Agust Sindri"]
[Black "Kristjansson, Stefan"]
[Result "1-0"]
[WhiteElo "2305"]
[BlackElo "2278"]
[PlyCount "61"]
[EventDate "1999.12.12"]
[EventType "tourn"]
[EventRounds "9"]
[EventCountry "ISL"]
[EventCategory "3"]
[SourceTitle "CBM 073 Extra"]
[Source "ChessBase"]
[SourceDate "2000.01.11"]
[SourceVersion "1"]
[SourceVersionDate "2000.01.11"]
[SourceQuality "1"]

1. e4 e6 2. d4 d5 3. Nd2 Nf6 4. e5 Nfd7 5. Bd3 c5 6. c3 Nc6 7. Ne2 cxd4 8. cxd4 f6 9. exf6 Nxf6 10. 0-0 Bd6 11. Nf3 Qc7 12. Bg5 0-0 13. Bh4 g6 14. Bg3 Nh5 15. Bxd6 Qxd6 16. Nc3 Bd7 17. Re1 Qf4 18. Bf1 g5 19. h3 Ng7 20. Ne2 Qf6 21. Qd2 h6 22. Ng3 a6 23. Rac1 Qf4 24. Re3 Rac8 25. Rcc3 Rfd8 26. Bd3 Be8 27. Bb1 Ne7 28. Ne5 Rxc3 29. bxc3 Nef5 30. Nxf5 Nxf5 31. g3 1-0

[Event "Gudmundur Arason 5th"]
[Site "Hafnarfjordur"]
[Date "1999.12.16"]
[Round "5"]
[White "Karlsson, Agust Sindri"]
[Black "Aagaard, Jacob"]
[Result "0-1"]
[WhiteElo "2305"]
[BlackElo "2403"]
[PlyCount "50"]
[EventDate "1999.12.12"]
[EventType "tourn"]
[EventRounds "9"]
[EventCountry "ISL"]
[EventCategory "3"]
[SourceTitle "CBM 073 Extra"]
[Source "ChessBase"]
[SourceDate "2000.01.11"]
[SourceVersion "1"]
[SourceVersionDate "2000.01.11"]
[SourceQuality "1"]

1. e4 c5 2. Nf3 Nc6 3. Bb5 e6 4. Bxc6 bxc6 5. e5 f6 6. 0-0 Nh6 7. Re1 Nf7 8. d4 cxd4 9. Qxd4 Be7 10. Bd2 0-0 11. Bc3 fxe5 12. Nxe5 Bf6 13. Qe3 Nxe5 14. Bxe5 Bxe5 15. Qxe5 Qb6 16. Re2 Rf5 17. Qc3 Ba6 18. Re3 Raf8 19. Nd2 Rxf2 20. Rae1 d5 21. Nf3 R2xf3 22. gxf3 d4 23. Qb3 dxe3 24. Qxe6+ Kh8 25. Qe7 e2+ 0-1

[Event "ISL-chT 9899"]
[Site "Reykjavik"]
[Date "1999.03.05"]
[Round "?"]
[White "Karlsson, Agust Sindri"]
[Black "Gunnarsson, Jon Viktor"]
[Result "0-1"]
[WhiteElo "2305"]
[BlackElo "2423"]
[PlyCount "54"]
[EventDate "1998.??.??"]
[EventType "team"]
[EventRounds "7"]
[EventCountry "ISL"]
[SourceTitle "EXT 2000"]
[Source "ChessBase"]
[SourceDate "1999.11.16"]
[SourceVersion "1"]
[SourceVersionDate "1999.11.16"]
[SourceQuality "1"]

1. e4 e5 2. Nf3 Nf6 3. d4 Nxe4 4. Bd3 d5 5. Nxe5 Nd7 6. Qe2 Qe7 7. Nxd7 Bxd7 8. 0-0 0-0-0 9. c4 Nd6 10. Be3 dxc4 11. Bxc4 Qh4 12. Bd3 Nf5 13. d5 Bd6 14. g3 Qh3 15. Bxa7 Rde8 16. Qc2 h5 17. Na3 h4 18. Nc4 Bf4 19. Nb6+ Kd8 20. Nxd7 hxg3 21. fxg3 Nxg3 22. Bf5 Ne2+ 23. Qxe2 Qxf5 24. Qg2 Rxh2 25. Qxg7 Rh1+ 26. Kf2 Qc2+ 27. Kf3 Qe4+ 0-1

[Event "ISL-chT 9899"]
[Site "Reykjavik"]
[Date "1998.??.??"]
[Round "?"]
[White "Karlsson, Agust Sindri"]
[Black "Arnason, Jon Loftur"]
[Result "0-1"]
[WhiteElo "2305"]
[BlackElo "2529"]
[PlyCount "46"]
[EventDate "1998.??.??"]
[EventType "team"]
[EventRounds "7"]
[EventCountry "ISL"]
[SourceTitle "EXT 2000"]
[Source "ChessBase"]
[SourceDate "1999.11.16"]
[SourceVersion "1"]
[SourceVersionDate "1999.11.16"]
[SourceQuality "1"]

1. e4 c5 2. Nf3 d6 3. Bb5+ Bd7 4. Bxd7+ Nxd7 5. 0-0 Ngf6 6. Re1 e6 7. c4 Ne5 8. d3 Be7 9. Nc3 0-0 10. a3 Nfd7 11. b4 Bf6 12. Bb2 Nxf3+ 13. Qxf3 Bd4 14. Rab1 f5 15. Nd1 Ne5 16. Qh3 Qg5 17. Bc1 f4 18. Qxe6+ Kh8 19. Qh3 Rf6 20. Rb3 Rh6 21. Qg3 fxg3 22. Bxg5 gxf2+ 23. Nxf2 Rg6 0-1

[Event "Arnold Cup"]
[Site "Gausdal"]
[Date "1997.??.??"]
[Round "2"]
[White "Gausel, Einar"]
[Black "Karlsson, Agust Sindri"]
[Result "1-0"]
[WhiteElo "2540"]
[BlackElo "2335"]
[PlyCount "93"]
[EventDate "1997.04.??"]
[EventType "swiss"]
[EventRounds "9"]
[EventCountry "NOR"]
[SourceTitle "EXT 1998"]
[Source "ChessBase"]
[SourceDate "1997.11.17"]
[SourceVersion "1"]
[SourceVersionDate "1997.11.17"]
[SourceQuality "1"]

1. c4 g6 2. d4 Bg7 3. e4 d6 4. Nc3 Nc6 5. Be3 e5 6. d5 Nce7 7. c5 f5 8. cxd6 cxd6 9. Qa4+ Kf7 10. Nf3 h6 11. Rc1 Nf6 12. Bd3 Rf8 13. Qb3 fxe4 14. Nxe4 Nf5 15. 0-0 Kg8 16. Bd2 Rf7 17. Rc2 g5 18. h3 Ne8 19. Rfc1 Ne7 20. Bb5 Bd7 21. Ba5 b6 22. Bd2 Rxf3 23. gxf3 Nf5 24. Be3 Nh4 25. Nd2 Bf5 26. Rc4 Nf6 27. Kh2 Nd7 28. Rg1 Nc5 29. Qa3 a6 30. Bc6 Ra7 31. Rxh4 gxh4 32. Bxh6 Kh7 33. Be3 Qe7 34. Qb4 e4 35. fxe4 Nxe4 36. Nxe4 Bxe4 37. Rg4 Be5+ 38. f4 Bf6 39. Qxb6 Rc7 40. Qb8 Bg6 41. Bb6 Qe2+ 42. Rg2 Re7 43. Rxe2 Rxe2+ 44. Kg1 Rxb2 45. Qc7+ Kh6 46. Qxd6 Kg7 47. Qxf6+ 1-0